000 01197nam a2200349 i 4500
001 9126
003 KOSZ 005
005 20191123120106.0
008 070717s1972 pl a f 001 0 pol
015 _aPB 1972/3441
040 _aWA N
_cWA N
_dKOSZ 005/RW
080 _a621.313
080 _a621.8
100 1 _aPiątkiewicz, Aleksy
_eAutor
245 1 0 _aDźwigi elektryczne /
_cAleksy Piątkiewicz, Heliodor Urbanowicz.
250 _aWydanie 4 poprawione.
260 _aWarszawa :
_bWydawnictwa Naukowo-Techniczne,
_c1972.
300 _a509, [3] stron :
_bilustracje ;
_c25 cm.
336 _aTekst
_btxt
_2rdacontent
337 _aBez urządzenia pośredniczącego
_bn
_2rdamedia
338 _aWolumin
_bnc
_2rdacarrier
380 _aKsiążki
388 _a1901-2000
504 _aBibliografia na stronie [504]. Indeks.
658 _aInżynieria i technika
650 4 _aDźwignice
650 4 _aUrządzenia elektryczne
710 2 _aWydawnictwa Naukowo-Techniczne
_4pbl.
700 1 _aUrbanowicz, Heliodor
_eAutor
856 _uhttp://koha.tu.koszalin.pl/cgi-bin/koha/opac-detail.pl?biblionumber=9126
_yKatalog online BPK
942 _2UKD
_cKS
999 _c9126
_d9126